Highway engineering handbook (Record no. 45553)
[ view plain ]
| 000 -LEADER | |
|---|---|
| fixed length control field | 00562nam a2200157 a 4500 |
| 008 - FIXED-LENGTH DATA ELEMENTS--GENERAL INFORMATION | |
| fixed length control field | 120416s1960 ||||||||||||||||| || u |
| 050 ## - LIBRARY OF CONGRESS CALL NUMBER | |
| Classification number | REF TE 145 Hig |
| 100 ## - MAIN ENTRY--PERSONAL NAME | |
| Personal name | Woods, Kenneth B |
| 245 10 - TITLE STATEMENT | |
| Title | Highway engineering handbook |
| Statement of responsibility, etc. | edited by Kenneth B. Woods |
| 260 ## - PUBLICATION, DISTRIBUTION, ETC. | |
| Place of publication, distribution, etc. | New York |
| Name of publisher, distributor, etc. | McGraw-Hill |
| Date of publication, distribution, etc. | 1960 |
| 300 ## - PHYSICAL DESCRIPTION | |
| Extent | 1 vol. in various pagings : ill. |
| 350 ## - PRICE (NR) (BK AM CF MU VM SE) [OBSOLETE] | |
| Price | 0.00 |
| 700 ## - ADDED ENTRY--PERSONAL NAME | |
| Personal name | Berry, Donald S |
| 700 ## - ADDED ENTRY--PERSONAL NAME | |
| Personal name | Goetz, William H |
| 995 ## - RECOMMENDATION 995 [LOCAL, UNIMARC FRANCE] | |
| -- | 0.00 |
| -- | CBU-MAIN LIBRARY (Kitwe) |
| -- | 1 |
| -- | 60.00 |
| -- | 1 |
| -- | REFERENCE |
| -- | Reference Collection |
| Withdrawn status | Lost status | Source of classification or shelving scheme | Damaged status | Not for loan | Home library | Current library | Shelving location | Date acquired | Total Checkouts | Full call number | Barcode | Date last seen | Price effective from | Koha item type |
|---|---|---|---|---|---|---|---|---|---|---|---|---|---|---|
| CBU-MAIN LIBRARY, KITWE. | CBU-MAIN LIBRARY, KITWE. | 11/30/2022 | REF TE 145 Hig | 023284 | 11/30/2022 | 11/30/2022 | MONOGRAPH |